000 00438nam a2200169Ia 4500
003 GCL
008 140319s9999 xx 000 0 ara d
040 _aGCL /
_cGCL
082 0 4 _aد
_b050
100 1 _aاحمد حسن شنن
245 1 0 _aعظمة المحاماة (اقرا 566 ) /
_cاحمد حسن شنن
300 _a117
490 _aاقرأ
_v0
650 0 4 _aالمحاماة
650 0 4 _aالمحامون
942 _2ddc
_cBK
999 _c49059
_d49059